Data research : a guide for librarians and systems managers
Αποθηκεύτηκε σε:
| Κύριος συγγραφέας: | |
|---|---|
| Άλλοι συγγραφείς: | |
| Μορφή: | Βιβλίο |
| Γλώσσα: | English |
| Δημοσίευση: |
Aldershot :
Gower,
c1993
|
| Θέματα: | |
| Ετικέτες: |
Προσθήκη ετικέτας
Δεν υπάρχουν, Καταχωρήστε ετικέτα πρώτοι!
|
MARC
| LEADER | 00000nam a2200000 i 4500 | ||
|---|---|---|---|
| 001 | 1/82016 | ||
| 008 | 990520s1993 eng d | ||
| 020 | |a 0-566-07464-8 | ||
| 035 | |l 10050996 | ||
| 040 | |a GR-MY-UA |b gre |e aacr | ||
| 041 | 0 | |a eng | |
| 082 | 0 | |a 025.00285536 | |
| 100 | 1 | |a Storey, Colin. | |
| 245 | 1 | 0 | |a Data research : |b a guide for librarians and systems managers / |c Colin Storey and grace Cheng |
| 260 | |a Aldershot : |b Gower, |c c1993 | ||
| 300 | |a 297 p. |e 1fd | ||
| 504 | |a Includes index | ||
| 630 | 0 | 0 | |a Data Research System. |
| 650 | 0 | 0 | |a Libraries |x Data processing. |
| 700 | 1 | |a Cheng, Grace. | |
| 852 | |a INST |b LESVOS |e 19990520 |h 025.00285536 STO |p 005100015995 |q 005100015995 |t BK |y 0 | ||
| 852 | |a INST |b LESVOS |e 19990716 |h 025.00285536 STO |p 005100019844 |q 005100019844 |t BK |y 0 | ||
| 901 | |a BIBL1-1999-2 | ||
| 909 | |a Λ |b 062151 | ||
| 922 | |a 1ΕΛΗ |b 199812 |c ΚΠΣ/ΚΥΒ |d LEADER | ||
| 950 | |a 023-1998-09-14 | ||
| 970 | |a ΜΟΥΣΤΑΚΑ |b ΠΗΝΕΛΟΠΗ |z 1999/06/28 | ||